000 00781nas a2200253 4500
001 BR7305369
003 BR-BrBNA
005 20231205082523.0
007 ta
008 230509b bl.|||p| |||| 00| 00por d
040 _aBR-BrBNA
_bpor
_cBiblioteca Nacional de Agricultura
041 _a(Pt)
072 _aL73
100 1 _aFischer, P.
100 1 _aNunes, L.P.
245 1 _aPleurite actinomicotica em cao, relato de um caso [Actinomices bovis, Goias]
650 _aDOENCA ANIMAL
650 _aCAO
650 _aPLEURITE
650 _aACTINOMICOSE
773 0 _tAnais da Escola de Agronomia e Veterinaria - Universidade Federal de Goias (Brazil)
_xISSN 0100-218X
_g(1975), v. 5(1) p. 71-76
_wBR7305369
909 _a202311
_bLúcia
_c55
_dLúcia Elande
942 _2AGRIS
_n0
_cANA
999 _c92502
_d92502